<?xml version="1.0" encoding="UTF-8"?><?xml-stylesheet type="text/xsl" href="static/style.xsl"?><OAI-PMH xmlns="http://www.openarchives.org/OAI/2.0/" xmlns:xsi="http://www.w3.org/2001/XMLSchema-instance" xsi:schemaLocation="http://www.openarchives.org/OAI/2.0/ http://www.openarchives.org/OAI/2.0/OAI-PMH.xsd"><responseDate>2026-04-14T04:18:40Z</responseDate><request verb="GetRecord" identifier="oai:www.recercat.cat:2072/454279" metadataPrefix="marc">https://recercat.cat/oai/request</request><GetRecord><record><header><identifier>oai:recercat.cat:2072/454279</identifier><datestamp>2025-02-23T20:45:36Z</datestamp><setSpec>com_2072_98</setSpec><setSpec>col_2072_378196</setSpec></header><metadata><record xmlns="http://www.loc.gov/MARC21/slim" xmlns:dcterms="http://purl.org/dc/terms/" xmlns:xsi="http://www.w3.org/2001/XMLSchema-instance" xmlns:doc="http://www.lyncode.com/xoai" xsi:schemaLocation="http://www.loc.gov/MARC21/slim http://www.loc.gov/standards/marcxml/schema/MARC21slim.xsd">
   <leader>00925njm 22002777a 4500</leader>
   <datafield ind2=" " ind1=" " tag="042">
      <subfield code="a">dc</subfield>
   </datafield>
   <datafield ind2=" " ind1=" " tag="720">
      <subfield code="a">Sun, Xuemei</subfield>
      <subfield code="e">author</subfield>
   </datafield>
   <datafield ind2=" " ind1=" " tag="720">
      <subfield code="a">Universitat Autònoma de Barcelona. Facultat de Traducció i d'Interpretació</subfield>
      <subfield code="e">author</subfield>
   </datafield>
   <datafield ind2=" " ind1=" " tag="720">
      <subfield code="a">Universitat Autònoma de Barcelona. Escola FUAB Formació (FUABf)</subfield>
      <subfield code="e">author</subfield>
   </datafield>
   <datafield ind2=" " ind1=" " tag="260">
      <subfield code="c">2022</subfield>
   </datafield>
   <datafield ind2=" " ind1=" " tag="520">
      <subfield code="a">Este trabajo adopta una investigación cualitativa. Combinado con las características de aprendizaje de los adolescentes y la teoría de la adquisición de caracteres chinos por parte de extranjeros, se utiliza la página web Wordwall para diseñar una serie de actividades de caracteres chinos de YCT 1 para los estudiantes de cuarto curso de La Salle Horta, con el objetivo de promover el interés en el aprendizaje de caracteres chinos. Los resultados han demostrado que estas actividades promueven el reconocimiento y la comprensión de caracteres, así como también les motivan más con los recursos digitales en el aprendizaje de los caracteres chinos.</subfield>
   </datafield>
   <datafield ind2=" " ind1=" " tag="520">
      <subfield code="a">本文采用定性研究结合青少年学习特征和外国人汉字习得理论，用Wordwall网站为 La Salle Horta 的初四学生设计了一系列YCT1 的汉字活动，旨在提高学生汉字学习兴趣。结果表明这些活动促进了学生对汉字的认读，使用科技资源更能激发他们的兴趣。</subfield>
   </datafield>
   <datafield ind2=" " ind1=" " tag="520">
      <subfield code="a">This dissertation adopts qualitative research. Combined with the learning characteristics of adolescents and the theory of Chinese character acquisition by foreigners, the Wordwall website is used to design a series of YCT1 Chinese character activities for fourth-year students of La Salle Horta, with the aim of promoting interest in learning Chinese characters. The results have shown that these activities have promoted the recognition and understanding of characters, and they have also motivated them more with digital resources in learning Chinese characters.</subfield>
   </datafield>
   <datafield tag="653" ind2=" " ind1=" ">
      <subfield code="a">Enseñanza de caracteres chinos</subfield>
   </datafield>
   <datafield tag="653" ind2=" " ind1=" ">
      <subfield code="a">La adquisición de caracteres chino</subfield>
   </datafield>
   <datafield tag="653" ind2=" " ind1=" ">
      <subfield code="a">Liushu</subfield>
   </datafield>
   <datafield tag="653" ind2=" " ind1=" ">
      <subfield code="a">Recursos digitales</subfield>
   </datafield>
   <datafield tag="653" ind2=" " ind1=" ">
      <subfield code="a">YCT1</subfield>
   </datafield>
   <datafield tag="653" ind2=" " ind1=" ">
      <subfield code="a">汉字教学</subfield>
   </datafield>
   <datafield tag="653" ind2=" " ind1=" ">
      <subfield code="a">汉字习得</subfield>
   </datafield>
   <datafield tag="653" ind2=" " ind1=" ">
      <subfield code="a">六书</subfield>
   </datafield>
   <datafield tag="653" ind2=" " ind1=" ">
      <subfield code="a">科技资源</subfield>
   </datafield>
   <datafield tag="653" ind2=" " ind1=" ">
      <subfield code="a">Chinese characters teaching</subfield>
   </datafield>
   <datafield tag="653" ind2=" " ind1=" ">
      <subfield code="a">Acquisition of Chinese characters</subfield>
   </datafield>
   <datafield tag="653" ind2=" " ind1=" ">
      <subfield code="a">Liushu</subfield>
   </datafield>
   <datafield tag="653" ind2=" " ind1=" ">
      <subfield code="a">Digital resources</subfield>
   </datafield>
   <datafield ind2="0" ind1="0" tag="245">
      <subfield code="a">Actividades para la enseñanza de caracteres chinos de YCT1 con el uso de recursos digitales - tomando el Wordwall como ejemplo</subfield>
   </datafield>
</record></metadata></record></GetRecord></OAI-PMH>